000
00314nam a2200133Ia 4500
005
20251222155131.0
008
251222s9999||||xx |||||||||||||| ||spa||
082
_a
REL.08.13/Ej.2
100
_a
Edición Pastoral
245
0
_a
La Nueva Biblia
250
_a
1ra. ed.
264
_b
Ediciones Paulinas
942
_c
LIB
999
_c
38811
_d
38811